000 00422nam a22001577a 4500
003 OSt
005 20140311130134.0
008 130607t xxu||||| |||| 00| 0 eng d
050 _aGV 1446
_b.R367 1958
082 _aM 794.1
_bR27 1958
245 _aChess in a nutshell
_cReinfeld, Fred
260 _aNew York, NY :
_bPocket Books,
_cc1958.
300 _aix, 165 p.
_bill. ;
_c16 cm.
942 _2lcc
_cBK
_kM
999 _c35462
_d35462